| 000 | 00829nam a2200277Ia 4500 | ||
|---|---|---|---|
| 003 | OSt | ||
| 005 | 20221007120928.0 | ||
| 006 | a|||||r|||| 00| 0 | ||
| 007 | ta | ||
| 008 | 221006b |||||||| |||| 00| 0 eng d | ||
| 020 | _a9781588297075 (hbd) | ||
| 024 | _a82628 | ||
| 037 | _cTextbook | ||
| 040 |
_aBDL _cBDL _beng |
||
| 041 |
_2eng _aeng |
||
| 082 | _aG11:(9S:71), P8.1 Carb | ||
| 100 |
_aKeith Jonathan M Ed. _9710270 |
||
| 245 | 0 | _aBioinformatics | |
| 260 |
_aNew _bJersey Humana Press _c2008 |
||
| 490 |
_vV.1. _aMethods in molecular biology |
||
| 500 | _aIncludes bibliographical references.; Index 537-562p. | ||
| 650 |
_a Informatics _9710271 |
||
| 650 | _aBioinformatics | ||
| 942 |
_hG11:(9S:71), P8.1 Carb _cTB _2CC |
||
| 999 |
_c1208195 _d1208195 |
||